000 00539nam a22001457a 4500
999 _c13911
_d13911
008 190509b ||||| |||| 00| 0 eng d
082 _22018
_aUT 1295
_bG63
100 _aGomez, Glazel M.
_938738
245 _aPerception on romantic relationship by only, middle , youngest and eldest child /
_cGlazel M. Gomez and Shaire Joyce B. Pareñas.
260 _aDigos City:
_bUMDC,
_cApril 2018.
300 _a78 pages;
_c30 cm.
650 _aPsychology
_xUndergrduate thesis.
_938739
700 _aPareñas, Shaira Joyce B.
_929313
942 _2ddc
_cUT